000
00287nam a2200121Ia 4500
008
221202s9999 xx 000 0 und d
040
_a
AR-BeUNQ
_b
spa
_e
aacr
100
_a
Camuyrano, Ma.
245
0
_a
Matemática I
260
_a
Buenos Aires
_b
Estrada
546
_a
Español
942
_c
LIB
_n
0
999
_c
419
_d
419